[Event "Penang op-B 5th"]
[Site "Penang"]
[Date "2013.12.12"]
[Round "7"]
[White "Gu, Jia Heng"]
[Black "Mohd Radzuan, Muhd Harith Farhan"]
[Result "1/2-1/2"]
[WhiteElo "1506"]
[BlackElo "1633"]
[PlyCount "55"]
[EventDate "2013.12.09"]
[EventType "swiss"]
[EventRounds "9"]
[EventCountry "MAS"]
[SourceTitle "CBM 158 Extra"]
[Source "ChessBase"]
[SourceDate "2014.02.28"]
[SourceVersion "1"]
[SourceVersionDate "2014.02.28"]
[SourceQuality "1"]

1. e4 c5 2. Nf3 g6 3. c4 Bg7 4. d4 cxd4 5. Nxd4 Nc6 6. Be3 d6 7. Nc3 Nf6 8. Be2 0-0 9. 0-0 a6 10. Qd2 Bd7 11. f3 Rc8 12. Rac1 Ne5 13. b3 h5 14. Rfd1 Kh7 15. Nd5 Re8 16. Kh1 Ng8 17. Nc2 Bc6 18. Ncb4 Bxd5 19. Nxd5 Rc6 20. Qb4 e6 21. Nc3 Qe7 22. Na4 Ra8 23. Nb6 Rac8 24. Rc2 Bf8 25. Rcd2 Nh6 26. Bd4 f6 27. Qc3 Bg7 28. f4 1/2-1/2